Pleitos de hidalguía que se conservan en el Archivo de la Real Chancillería de Valladolid (Record no. 23048)

MARC details
000 -LEADER
campo de control de longitud fija 01134nam a2200253 i 4500
001 - NÚMERO DE CONTROL
campo de control 23048
003 - IDENTIFICADOR DE NÚMERO DE CONTROL
campo de control ES-MaACL
005 - FECHA Y HORA DE LA ÚLTIMA TRANSACCIÓN
campo de control 20230906152815.0
007 - CAMPO FIJO DE DESCRIPCIÓN FÍSICA--INFORMACIÓN GENERAL
campo de control de longitud fija t|
008 - DATOS DE LONGITUD FIJA--INFORMACIÓN GENERAL
campo de control de longitud fija 021205s1976 sp b |||| |dspa d
020 ## - NÚMERO INTERNACIONAL ESTÁNDAR DEL LIBRO
Número Internacional Estándar del Libro 84-00-03496-1
080 ## - NÚMERO DE LA CLASIFICACIÓN DECIMAL UNIVERSAL
Número de la Clasificación Decimal Universal 929.7(46)"18"(093.2)
080 ## - NÚMERO DE LA CLASIFICACIÓN DECIMAL UNIVERSAL
Número de la Clasificación Decimal Universal 930.255(463.1 V.) Chancillería
245 00 - MENCIÓN DEL TÍTULO
Título Pleitos de hidalguía que se conservan en el Archivo de la Real Chancillería de Valladolid
Resto del título : extracto de sus expedientes : siglo XIX /
Mención de responsabilidad, etc. extractados, ordenados y papeleteados, bajo la dirección de Vicente de Cadenas y Vicent, por María Esperanza Alonso ... [et al.].
260 ## - PUBLICACIÓN, DISTRIBUCIÓN, ETC.
Lugar de publicación, distribución, etc. Madrid :
Nombre del editor, distribuidor, etc. Hidalguía :
-- Instituto Salazar y Castro,
Fecha de publicación, distribución, etc. 1976.
300 ## - DESCRIPCIÓN FÍSICA
Extensión 9 v. ;
Dimensiones 25 cm.
610 04 - PUNTO DE ACCESO ADICIONAL DE MATERIA--NOMBRE DE ENTIDAD CORPORATIVA
Nombre de entidad corporativa o nombre de jurisdicción como elemento de entrada Archivo de la Real Chancillería de Valladolid-
Subdivisión de forma Catálogos.
9 (RLIN) 169243
650 #4 - PUNTO DE ACCESO ADICIONAL DE MATERIA--TÉRMINO DE MATERIA
Término de materia o nombre geográfico como elemento de entrada Procesos de hidalguía-
Subdivisión de forma Historia-
-- Fuentes-
-- Bibliografías.
9 (RLIN) 169244
700 1# - ENTRADA AGREGADA--NOMBRE PERSONAL
Nombre de persona Cadenas y Vicent, Vicente de.
9 (RLIN) 33391
700 1# - ENTRADA AGREGADA--NOMBRE PERSONAL
Nombre de persona Alonso, María Esperanza.
9 (RLIN) 20232
710 2# - ENTRADA AGREGADA--NOMBRE DE ENTIDAD CORPORATIVA
Nombre de entidad corporativa o nombre de jurisdicción como elemento de entrada Instituto Salazar y Castro.
9 (RLIN) 5230
710 2# - ENTRADA AGREGADA--NOMBRE DE ENTIDAD CORPORATIVA
Nombre de entidad corporativa o nombre de jurisdicción como elemento de entrada Archivo de la Real Chancillería de Valladolid.
9 (RLIN) 1426
852 ## - LOCALIZACIÓN
Ubicación ES-MaACL
Número de control de estantería L-10366-74
Holdings
Estatus retirado Estado de pérdida Estado de daño No para préstamo Biblioteca de origen Biblioteca actual Ubicación en estantería Fecha de adquisición Fuente de adquisición Total de préstamos Signatura topográfica completa Código de barras Visto por última vez Precio de reemplazo Tipo de ítem Koha
        Biblioteca del Ateneo de Madrid Biblioteca del Ateneo de Madrid Depósito 2 17/01/2008     L-10366-74 1023745 23/02/2023 23/02/2023 Libro impreso